Detalles MARC
| 000 -LEADER |
| campo de control de longitud fija |
01534cam a22004454i 4500 |
| 003 - IDENTIFICADOR DE NÚMERO DE CONTROL |
| campo de control |
PE-LiUPU |
| 005 - FECHA Y HORA DE LA ÚLTIMA TRANSACCIÓN |
| campo de control |
20250731172728.0 |
| 008 - DATOS DE LONGITUD FIJA--INFORMACIÓN GENERAL |
| campo de control de longitud fija |
150617s r 000 0 d |
| 035 ## - NÚMERO DE CONTROL DEL SISTEMA |
| Número de control de sistema |
(Sirsi) a11378 |
| 040 ## - FUENTE DE CATALOGACIÓN |
| Centro catalogador/agencia de origen |
PE-LiUPU |
| Lengua de catalogación |
spa |
| Centro/agencia transcriptor |
PE-LiUPU |
| Normas de descripción |
rda |
| 049 ## - FONDOS LOCALES (OCLC) |
| Biblioteca depositaria |
PRUA |
| 082 04 - NÚMERO DE LA CLASIFICACIÓN DECIMAL DEWEY |
| Número de clasificación |
221.07 |
| Cutter |
CBAT |
| Número de edición |
21 |
| 100 1# - ENTRADA PRINCIPAL--NOMBRE DE PERSONA |
| Nombre de persona |
Fournille, Geron G., |
| Término indicativo de función/relación |
autor. |
| 245 13 - MENCIÓN DEL TÍTULO |
| Título |
El libro del Levítico / |
| Mención de responsabilidad, etc. |
introducción y comentario por Geron G. Fournille. |
| 264 #1 - PRODUCCIÓN, PUBLICACIÓN, DISTRIBUCIÓN, FABRICACIÓN Y COPYRIGHT |
| Producción, publicación, distribución, fabricación y copyright |
Santander : |
| Nombre del de productor, editor, distribuidor, fabricante |
Editorial Sal Terrae, |
| Fecha de producción, publicación, distribución, fabricación o copyright |
1969. |
| 300 ## - DESCRIPCIÓN FÍSICA |
| Extensión |
192 páginas ; |
| Dimensiones |
17 centímetros. |
| 336 ## - TIPO DE CONTENIDO |
| Término de tipo de contenido |
text |
| Fuente |
rdacontent |
| 337 ## - TIPO DE MEDIO |
| Nombre/término del tipo de medio |
unmediated |
| Fuente |
rdamedia |
| 338 ## - TIPO DE SOPORTE |
| Nombre/término del tipo de soporte |
volume |
| Fuente |
rdacarrier |
| 490 0# - MENCIÓN DE SERIE |
| Mención de serie |
(Conoce la biblia: Antiguo Testamento ; |
| Designación de volumen o secuencia |
8) |
| 500 ## - NOTA GENERAL |
| Nota general |
Título en cubierta: "El levítico" |
| 505 0# - NOTA DE CONTENIDO CON FORMATO |
| Nota de contenido con formato |
Leyes relativas al sacrificio -- Consagración de los sacerdotes -- Purificación y expansión -- La ley de santidad -- Apéndice: votos y diezmos -- Temas para repaso y discusión -- Abreviaturas. |
| 526 ## - NOTA DE INFORMACIÓN SOBRE EL PROGRAMA DE ESTUDIO |
| Nombre del programa |
Segunda Especialidad En Profecías Bíblicas |
| 526 ## - NOTA DE INFORMACIÓN SOBRE EL PROGRAMA DE ESTUDIO |
| Nombre del programa |
Segunda Especialidad En Nuevo Testamento |
| 526 ## - NOTA DE INFORMACIÓN SOBRE EL PROGRAMA DE ESTUDIO |
| Nombre del programa |
Segunda Especialidad En Antiguo Testamento |
| 526 ## - NOTA DE INFORMACIÓN SOBRE EL PROGRAMA DE ESTUDIO |
| Nombre del programa |
Segunda Especialidad En Estudios Adventistas |
| 526 ## - NOTA DE INFORMACIÓN SOBRE EL PROGRAMA DE ESTUDIO |
| Nombre del programa |
Doctorado en teología |
| 526 ## - NOTA DE INFORMACIÓN SOBRE EL PROGRAMA DE ESTUDIO |
| Nombre del programa |
Maestría en teología histórica |
| 526 ## - NOTA DE INFORMACIÓN SOBRE EL PROGRAMA DE ESTUDIO |
| Nombre del programa |
Maestría en teología bíblica |
| 526 ## - NOTA DE INFORMACIÓN SOBRE EL PROGRAMA DE ESTUDIO |
| Nombre del programa |
Maestría en teología |
| 526 ## - NOTA DE INFORMACIÓN SOBRE EL PROGRAMA DE ESTUDIO |
| Nombre del programa |
Maestría en misionología |
| 526 ## - NOTA DE INFORMACIÓN SOBRE EL PROGRAMA DE ESTUDIO |
| Nombre del programa |
Maestría en liderazgo eclesiástico |
| 526 ## - NOTA DE INFORMACIÓN SOBRE EL PROGRAMA DE ESTUDIO |
| Nombre del programa |
Teología |
| 630 ## - PUNTO DE ACCESO ADICIONAL DE MATERIA--TÍTULO UNIFORME |
| Título uniforme |
Biblia |
| Nombre de parte o sección de la obra |
Levítico |
| Subdivisión general |
Crítica, interpretación, etc. |
| 9 (RLIN) |
1751 |
| 910 ## - DATOS DE OPCIÓN DEL USUARIO (OCLC) |
| Datos de opción del usuario |
jck |
| 942 ## - ELEMENTOS DE ENTRADA SECUNDARIOS (KOHA) |
| Fuente del sistema de clasificación o colocación |
Clasificación Decimal Dewey |
| Tipo de ítem Koha |
Libros físicos |
| 949 ## - PROCESAMIENTO DE INFORMACIÓN LOCAL (OCLC) |
| a |
221.8 C |
| w |
DEWEY |
| c |
1 |
| i |
13440 |
| l |
CCODEBUL1 |
| m |
BUL |
| p |
00.00 |
| r |
0 |
| s |
Y |
| t |
BOOK |
| u |
19740830 |
| x |
TEOLOGIA |
| 0 |
COMPRA |
| o |
.STAFF. Colección General |
| 980 ## - EQUIVALENCIA O REFERENCIA-CRUZADA-MENCIÓN DE SERIE--NOMBRE DE PERSONA/TÍTULO [LOCAL, CANADÁ] |
| ID del último usuario que modificó el registro |
1 |
| Nombre del último usuario que modificó el registro |
ALBERTO SANCHEZ Responsable de Automatización |